奈良交通:市内循環のバス停名 - Statistics

General Stats
  • This quiz has been taken 10 times
  • The average score is 11 of 20
Answer Stats
番号 バス停名 副名称など % Correct
N-3 近鉄奈良駅
100%
N-1 JR奈良駅
100%
N-4 県庁前 (興福寺)
83%
N-10 高畑町 (奈良教育大学)
83%
N-2 油阪船橋商店街
67%
N-12 紀寺町
67%
N-18 大森町
67%
N-19 三条川崎町 [外回りのみ停車]
67%
N-8 春日大社表参道 (飛火野)
50%
N-11 幸町 (市立奈良病院)
50%
N-14 北京終町
50%
N-15 綿町
50%
N-17 瓦町 (エルトピア奈良)
50%
N-5 県庁東
33%
N-7 東大寺大仏殿・国立博物館 [内回りのみ停車]
33%
N-9 破石町 (新薬師寺口)
33%
N-13 田中町 (ならまち南口)
33%
N-16 八軒町
33%
N-6 氷室神社・国立博物館 [外回りのみ停車]
17%
N-7 東大寺大仏殿・春日大社前 [外回りのみ停車]
17%
No matching quizzes found
Score Distribution
Percent of People with Each Score
Percentile by Number Answered
Your Score History
You have not taken this quiz